Bulgaria in the Eurovision Song Contest - Statistics

General Stats
  • This quiz has been taken 16 times
    4 since last reset
  • The average score is 5 of 15
Answer Stats
Answer % Correct
Bangaranga
100%
Beautiful Mess
67%
Bones
67%
Growing Up Is Getting Old
67%
If Love Was A Crime
67%
Intention
67%
Love Unlimited
33%
Na inat (На инат)
33%
Samo shampioni (Само шампиони)
33%
Angel si ti (Ангел си ти)
0%
DJ, Take Me Away
0%
Illusion
0%
Let Me Cry
0%
Lorraine
0%
Water
0%
No matching quizzes found
Score Distribution
Percent of People with Each Score
Percentile by Number Answered
Your Score History
You have not taken this quiz since the last reset